Statistiques concernant Elements chimiques les plus fréquents dans l'Univers

Cliquez ici pour prendre le quiz!

Statistiques générales

  • Ce quiz a été pris 84 fois
  • Le résultat moyen est 8 sur 10

Statistiques - réponses

HintRéponse% Correct
1 %Oxygène
97%
0,1 %Azote
96%
0,5 %Carbone
96%
73,9 %Hydrogène
95%
24 %Hélium
87%
0,1 %Fer
76%
0,1 %Néon
64%
0,04 %Soufre
60%
0,06 %Magnésium
54%
0,07 %Silicium
51%

Distribution des résultats

Percentile par nombre de réponses

% des personnes avec chaque résultat

Votre développement - résultats

Vous n’avez pas pris ce quiz